000
00337nam a22001457a 4500
008
210303b ||||| |||| 00| 0 eng d
020
_a
9780534602468
041
_a
eng
080
_2
6th
_a
311
082
_a
311
100
_a
55
101
_a
STA
245
_a
Statistics for the Behavioral Sciences
_c
Gravetter, F.J
942
_2
udc
_c
BK
999
_c
55572
_d
55572